000 01022cam a22003017a 4500
003 CHAP
005 20220817043853.0
008 021119d1995 mx abd r 00110 spa d
010 _a86649
011 _a87621
035 _a98165
040 _cCHAP
082 0 4 _a631.34
_bM37
100 0 0 _aMartínez M. , Federico.
245 1 0 _aManual basico de diseño, construcción y operación de invernaderos y viveros
_c/por Federico Martínez M.
260 _a[Jiutepec, Mor.] :
_bFederico Martínez M. ,
_c1995
300 _a71 p. :
_bilus. ; gráfs. ; mapas ; cuadros
590 _aBATCH-UPD
_b10
_c20130110
_lUCH01
_h0627
590 _aBATCH-UPD
_b10
_c20130410
_lUCH01
_h0310
590 _aBATCH-UPD
_b10
_c20130914
_lUCH01
_h1653
590 _aCONVERSION
_b10
_c20130109
_lUCH01
_h1348
650 1 4 _aInvernaderos.
_960172
650 1 4 _aViveros.
_9120096
901 _aBK
905 _aMarco A. Mendoza T.
942 _cLIBRO
949 _a631.34 M37
_bBC
_cLIBRO
_d33724000941738
_eLIBRO
_h103291
_i98165
_mFotocopias engargoladas
_so
999 _c86649
_d86649